000 00209nam a22001097a 4500
100 _aHesse Herman
245 _aSiddhartha
250 _a2009
260 _bSimou & Schuster
300 _a174
942 _2ddc
_cBK
999 _c11004
_d11004